[Event "It (open)"]
[Site "masterchessopen.com - Wuerzburg (Germany)"]
[Round "0"]
[White "Semkov Semko (BUL)"]
[Black "Schindler Werner Dr (GER)"]
[Result "1-0"]
[WhiteElo "2450"]
[BlackElo "2302"]

1.d4 Nf6 2.c4 c5 3.d5 e6 4.Nc3 exd5 5.cxd5 d6 6.e4 g6 7.Bd3 Bg7 8.Nge2 O-O
9.O-O b6 10.Bg5 h6 11.Bh4 Ba6 12.f4 Re8 13.Ng3 Qd7 14.e5 dxe5 15.fxe5 Bxd3
16.exf6 Bxf1 17.fxg7 Ba6 18.Nce4 Kxg7 19.Qd2 Rxe4 20.Nxe4 Qf5 21.Qc3+ Kg8
22.Nf6+ Kf8 23.Re1 Bb5 24.Ne8 f6 25.Qe3 {#r} 1-0

[Event "It"]
[Site "masterchessopen.com - Bucharest (Romania)"]
[Round "0"]
[White "Vasilescu Lucian-Mihail (ROM)"]
[Black "Itkis Boris (ROM)"]
[Result "0-1"]
[WhiteElo "2295"]
[BlackElo "2440"]

1.d4 Nf6 2.c4 c5 3.d5 e6 4.Nc3 exd5 5.cxd5 d6 6.e4 g6 7.Bd3 Bg7 8.Nge2 O-O
9.O-O Na6 10.h3 Nc7 11.Ng3 a6 12.a4 Rb8 13.Bf4 b5 14.axb5 axb5 15.b4 c4 16.Bc2
Nh5 17.Bd2 Nxg3 18.fxg3 Ne8 19.Ra3 Nf6 20.Be3 Nd7 21.Qd2 Ne5 22.Ne2 c3 23.Qc1
Nc4 24.Rb3 Nxe3 25.Qxe3 Qc7 26.Nxc3 Qc4 27.Kh2 {#R} 0-1

[Event "Ch Chess Club"]
[Site "masterchessopen.com - Debrecen (Hungary)"]
[Round "4"]
[White "Farkas Lajos (HUN)"]
[Black "Gombocz Ferenc (HUN)"]
[Result "1-0"]
[WhiteElo "1960"]
[BlackElo "2051"]

1.d4 Nf6 2.c4 e6 3.Nc3 c5 4.d5 exd5 5.cxd5 d6 6.e4 g6 7.Bd3 Bg7 8.Nge2 O-O
9.O-O a6 10.a4 Bg4 11.f3 Bc8 12.Kh1 Nbd7 13.Bf4 Ne8 14.Qc1 Ne5 15.Bc2 Bd7
16.Bg3 b5 17.f4 Nc4 18.b3 Nb6 19.Rb1 b4 20.Nd1 f5 21.e5 Nxd5 22.Ne3 Nxe3
23.Qxe3 Qe7 24.Qd3 dxe5 25.Qd5+ Kh8 26.Qxa8 exf4 27.Nxf4 {#r} 1-0

[Event "It (open) (active)"]
[Site "masterchessopen.com - Freeport (USA)"]
[Round "1"]
[White "Josenhans Daniel (USA)"]
[Black "Alexopoulos Georgios (GRE)"]
[Result "0-1"]
[WhiteElo "2267"]
[BlackElo "2249"]

1.d4 Nf6 2.c4 c5 3.d5 e6 4.Nc3 exd5 5.cxd5 d6 6.e4 g6 7.f3 Bg7 8.Be3 O-O 9.Qd2
Na6 10.O-O-O Nc7 11.g4 b5 12.h4 b4 13.Nce2 Nb5 { ! } 14.h5 Qa5 { ! } 15.Kb1
Rb8 { ! } 16.Ka1 Nc3 { !! } 17.Nxc3 bxc3 18.Qxc3 Qxc3 19.bxc3 Nxg4 { !! }
20.Rd3 ( 20.Bd2 Nf2 { ??+ } ) 20...Ba6 { !! } 21.fxg4 ( 21.Bd2 Bxd3 22.Bxd3
Nf2 { ??+ } ) 21...Bxd3 ( 21...Bxd3 22.Bxd3 ( 22.Bd2 Rb1# ) 22...Bxc3# ) 0-1

[Event "Oberliga Northeast 1991/92"]
[Site "masterchessopen.com - Germany"]
[Round "-56"]
[White "Von Herman Ulf (GER)"]
[Black "Wagner Matthias"]
[Result "1-0"]
[WhiteElo "2419"]
[BlackElo "1940"]

1.d4 Nf6 2.c4 c5 3.d5 e6 4.Nc3 exd5 5.cxd5 d6 6.e4 g6 7.Nge2 Bg7 8.Ng3 O-O
9.Be2 a6 10.a4 Qc7 11.O-O h5 12.f4 Ng4 13.e5 dxe5 14.f5 Nd7 15.d6 Qb6 16.a5
Qa7 17.Bxg4 c4+ 18.Kh1 hxg4 19.Nd5 Qd4 20.Be3 Qxd1 21.Raxd1 gxf5 22.Nxf5 f6
23.Nc7 Rb8 24.Ba7 Rf7 25.Ne7+ {#r} 1-0

[Event "It (open)"]
[Site "masterchessopen.com - Katowice (Poland)"]
[Round "0"]
[White "Shipov Sergei (RUS)"]
[Black "Maslej Miroslaw (POL)"]
[Result "1-0"]
[WhiteElo "2490"]
[BlackElo "2273"]

1.d4 Nf6 2.c4 c5 3.d5 e6 4.Nc3 exd5 5.cxd5 d6 6.e4 g6 7.h3 Bg7 8.Bd3 O-O 9.Nf3
b5 10.Nxb5 Re8 11.Nd2 Nxe4 12.Bxe4 f5 13.O-O fxe4 14.Nc4 Ba6 15.a4 Be5 16.Nxe5
Rxe5 17.b4 Bb7 18.Bb2 Nd7 19.Nxd6 Rxd5 20.Qb3 Qc7 21.Nxb7 Qxb7 22.Rad1 c4
23.Qxc4 Nb6 24.Qc3 {#r} 1-0

[Event "It (open)"]
[Site "masterchessopen.com - Valencia (Spain)"]
[Round "3"]
[White "Sospedra Sebastian Juan (ESP)"]
[Black "Serrano Salvador Eduardo (ESP)"]
[Result "1-0"]
[WhiteElo "2284"]
[BlackElo "2364"]

1.d4 Nf6 2.c4 c5 3.d5 e6 4.Nc3 exd5 5.cxd5 d6 6.e4 g6 7.Bg5 Bg7 8.f3 O-O 9.Qd2
Re8 10.Bd3 Nbd7 11.Nge2 a6 12.a4 Qc7 13.a5 Ne5 14.O-O Bd7 15.Kh1 h6 16.Bh4 g5
17.Bf2 Ng6 18.f4 g4 19.Be3 h5 20.e5 dxe5 21.fxe5 Qxe5 22.Bxc5 Nh7 23.Ng3 h4
24.Nf5 Bxf5 25.Rxf5 {#r} 1-0

[Event "It (open) (b)"]
[Site "masterchessopen.com - Zurich (Switzerland)"]
[Round "0"]
[White "Heer Stephan (SUI)"]
[Black "Heuer Boris (SUI)"]
[Result "1-0"]
[WhiteElo "2225"]
[BlackElo "2154"]

1.d4 Nf6 2.c4 c5 3.d5 e6 4.Nc3 exd5 5.cxd5 d6 6.e4 g6 7.h3 Bg7 8.Bd3 O-O 9.Nf3
b5 10.Nxb5 Nxe4 11.O-O Nf6 12.Bf4 Ne8 13.Qd2 a6 14.Nc3 Nd7 15.Rfe1 Rb8 16.b3
Ndf6 17.Rac1 Nc7 18.Bg5 Qd7 19.Bc4 Bb7 20.Bf4 Rfe8 21.Ng5 Nb5 22.Nce4 Nxe4
23.Nxe4 Be5 24.Bxe5 {#r} 1-0

[Event "Ch World (seniors)"]
[Site "masterchessopen.com - Bad Wildbad (Germany)"]
[Round "4"]
[White "Heyne Martin (GER)"]
[Black "Tessmer Herbert (GER)"]
[Result "0-1"]
[WhiteElo "2199"]
[BlackElo "1855"]

1.d4 Nf6 2.c4 c5 3.d5 e6 4.Nc3 exd5 5.cxd5 d6 6.e4 g6 7.Bd3 Bg7 8.Nge2 O-O
9.O-O b6 10.Bf4 Ba6 11.Rb1 Bxd3 12.Qxd3 a6 13.a4 Qc7 14.b4 Nbd7 15.Rfc1 Rfe8
16.f3 Nh5 17.Be3 Ne5 18.Qc2 Nc4 {#R} 0-1

[Event "It (cat.3)"]
[Site "masterchessopen.com - Budapest (Hungary)"]
[Round "0"]
[White "Panzer Peter Dr (GER)"]
[Black "Bordas Gyula (HUN)"]
[Result "1-0"]
[WhiteElo "2352"]
[BlackElo "2128"]

1.d4 e6 2.c4 c5 3.d5 exd5 4.cxd5 d6 5.Nc3 Nf6 6.e4 Nbd7 7.Nf3 h6 8.Nd2 g5 9.h4
g4 10.Nc4 Qe7 11.Bf4 Nxe4 12.Nxe4 Qxe4+ 13.Qe2 Qxe2+ 14.Bxe2 Ne5 15.Nxe5 dxe5
16.Bxe5 Rg8 17.O-O-O Bd7 18.Bc7 Rc8 19.d6 Bg7 20.Rhe1 Kf8 21.Bb5 {#r} 1-0

[Event "It (cat.3)"]
[Site "masterchessopen.com - Budapest (Hungary)"]
[Round "0"]
[White "Zsinka Laszlo (HUN)"]
[Black "Bordas Gyula (HUN)"]
[Result "1-0"]
[WhiteElo "2286"]
[BlackElo "2128"]

1.d4 e6 2.c4 c5 3.d5 exd5 4.cxd5 d6 5.Nc3 Nf6 6.e4 Nbd7 7.Bd3 g6 8.Nge2 Bg7
9.Ng3 h5 10.O-O Ng4 11.h3 Qh4 12.Nce2 a6 13.f4 Nh6 14.e5 c4 15.Bc2 dxe5 16.f5
g5 17.Ne4 f6 18.g3 Qxh3 19.Nf2 Qxf5 20.Bxf5 Nxf5 21.Ne4 Nh6 22.N2c3 {#r} 1-0

[Event "Ch Cuba"]
[Site "masterchessopen.com - Colon (Cuba)"]
[Round "6"]
[White "Gonzalez Juan Carlos (CUB)"]
[Black "Mendez Eduardo (CUB)"]
[Result "1-0"]
[WhiteElo "2465"]
[BlackElo "2310"]

1.d4 Nf6 2.c4 c5 3.d5 e6 4.Nc3 exd5 5.cxd5 d6 6.e4 g6 7.h3 Bg7 8.Nf3 O-O 9.Bd3
Bd7 10.O-O b5 11.a3 c4 12.Bc2 Na6 13.Be3 Qc7 14.Re1 b4 15.axb4 Nxb4 16.Bb1
Rfe8 17.Bd4 Nh5 18.Bxg7 Nxg7 19.Qd2 Rab8 20.e5 dxe5 21.Ne4 Nh5 22.d6 Qb7
23.Qh6 Nd5 24.Nfg5 Nhf6 25.Rd1 Bf5 26.Nxf6+ Nxf6 {#r} 1-0

[Event "It (open)"]
[Site "masterchessopen.com - Harkany (Hungary)"]
[Round "0"]
[White "Wells Peter K (ENG)"]
[Black "Szalanczy Emil (HUN)"]
[Result "1-0"]
[WhiteElo "2455"]
[BlackElo "2365"]

1.d4 Nf6 2.c4 c5 3.d5 e6 4.Nc3 exd5 5.cxd5 d6 6.e4 g6 7.h3 Bg7 8.Bd3 O-O 9.Nf3
Re8 10.O-O Nbd7 11.Bf4 Ne5 12.Nxe5 dxe5 13.Be3 Nh5 14.Bb5 Bd7 15.Bxd7 Qxd7
16.Bxc5 Nf4 17.Kh2 Rac8 18.Bxa7 Rc4 19.Be3 Rec8 20.Rc1 b5 21.Qd2 b4 22.Na4
Nxg2 23.Kxg2 Rxe4 24.Nb6 Rg4+ 25.Kh2 Qf5 26.Rxc8+ {#r} 1-0

[Event "It (open)"]
[Site "masterchessopen.com - Herxheim (Germany)"]
[Round "0"]
[White "Kuehn Bodo"]
[Black "Rheinwalt Tobias (GER)"]
[Result "0-1"]
[WhiteElo "1657"]
[BlackElo "2228"]

1.d4 Nf6 2.c4 c5 3.d5 e6 4.Nc3 exd5 5.cxd5 d6 6.e4 g6 7.Bb5+ Nbd7 8.Nge2 Bg7
9.f3 O-O 10.Be3 Ne5 11.Nc1 a6 12.Be2 b5 13.Nd3 Nc4 14.Bg5 h6 15.Bh4 Ne3
16.Bxf6 Qxf6 17.Qd2 Nxg2+ 18.Kd1 b4 19.Na4 Qd4 20.Ne1 Nxe1 21.Kxe1 Rb8 22.Rb1
Qe5 23.Kf2 f5 24.Ke3 fxe4 25.fxe4 Qf4+ 26.Kd3 c4+ 27.Kc2 Qxe4+ {#R} 0-1

[Event "Memorial J.Capablanca (d)"]
[Site "masterchessopen.com - Matanzas (Cuba)"]
[Round "10"]
[White "Rivera Alberto (CUB)"]
[Black "Hernandez Tania (CUB)"]
[Result "1-0"]
[WhiteElo "2395"]
[BlackElo "2215"]

1.d4 Nf6 2.c4 c5 3.d5 e6 4.Nc3 exd5 5.cxd5 d6 6.e4 g6 7.f3 Bg7 8.Bg5 O-O 9.Qd2
a6 10.Nge2 b5 11.Ng3 Nbd7 12.Be2 Qb6 13.O-O Bb7 14.Be3 Qa5 15.Bh6 c4 16.Bxg7
Kxg7 17.Bd1 Rac8 18.Bc2 h6 19.Kh1 Rfe8 20.a3 Qb6 21.Nce2 a5 22.Nd4 Ne5
23.Ngf5+ Kg8 24.Qxh6 Nh5 25.g4 gxf5 26.Nxf5 {#r} 1-0

[Event "Ch City (juniors) (under 20)"]
[Site "masterchessopen.com - Muenster (Germany)"]
[Round "0"]
[White "Rupp Markus (GER)"]
[Black "Bartolomaeus Christian (GER)"]
[Result "1-0"]
[WhiteElo "2289"]
[BlackElo "2250"]

1.d4 Nf6 2.c4 c5 3.d5 e6 4.Nc3 exd5 5.cxd5 d6 6.e4 g6 7.Bd3 Bg7 8.Nge2 O-O
9.O-O Re8 10.Ng3 Na6 11.h3 Nc7 12.a4 Rb8 13.f4 a6 14.Qf3 Nd7 15.Kh1 b5 16.axb5
axb5 17.e5 dxe5 18.f5 c4 19.d6 Na6 20.fxg6 fxg6 21.Qf7+ Kh8 22.Bg5 Nf6 23.Bxf6
Bxf6 24.Bxg6 hxg6 25.Rxf6 Rb7 26.Qxg6 Rh7 27.Rf7 {#r} 1-0

[Event "Ch NRW (juniors) (under 20)"]
[Site "masterchessopen.com - Muenster (Germany)"]
[Round "6"]
[White "Thier Juergen (GER)"]
[Black "Reinhard Markus (GER)"]
[Result "1-0"]
[WhiteElo "2105"]
[BlackElo "2168"]

1.d4 Nf6 2.c4 c5 3.d5 e6 4.Nc3 exd5 5.cxd5 d6 6.e4 g6 7.Bd3 Bg7 8.Nge2 O-O
9.Bg5 h6 10.Bh4 a6 11.a4 Nbd7 12.f4 Re8 13.O-O Qa5 14.Be1 Qc7 15.b3 Rb8 16.Rc1
b6 17.Kh1 Qd8 18.Bh4 g5 19.fxg5 {#r} 1-0

[Event "It (b)"]
[Site "masterchessopen.com - Villa Ballester (Argentina)"]
[Round "0"]
[White "Rebottaro Hector Javier (ARG)"]
[Black "Rojas Luis (CHI)"]
[Result "1-0"]
[WhiteElo "2234"]
[BlackElo "2408"]

1.d4 Nf6 2.c4 e6 3.Nc3 c5 4.d5 exd5 5.cxd5 d6 6.e4 a6 7.a4 Nbd7 8.Nf3 g6 9.g3
Bg7 10.Bg2 Ng4 11.O-O Nge5 12.Ne1 Qb6 13.a5 {#r} 1-0

[Event "It (open)"]
[Site "masterchessopen.com - Wiesbaden (Germany)"]
[Round "0"]
[White "Puchas Ralf (GER)"]
[Black "Jakel Wolfgang (GER)"]
[Result "0-1"]
[WhiteElo "2052"]
[BlackElo "2236"]

1.d4 Nf6 2.c4 c5 3.d5 e6 4.Nc3 exd5 5.cxd5 d6 6.e4 g6 7.Be2 Bg7 8.h4 O-O 9.h5
Nbd7 10.Be3 Ne5 11.hxg6 fxg6 12.f3 b5 13.Qd2 b4 14.Nd1 Qe7 15.a3 Rb8 16.a4 Nh5
17.Bg5 Bf6 18.Bh6 Bh4+ 19.Nf2 Rf7 20.Nh3 Ng3 21.Rg1 Bxh3 {#R} 0-1

[Event "It (open) \"]
[Site "masterchessopen.com - Cologne (Germany)"]
[Round "4"]
[White "Puth Dieter (GER)"]
[Black "Gruermann Martin (GER)"]
[Result "1-0"]
[WhiteElo "2171"]
[BlackElo "2125"]

1.d4 Nf6 2.c4 e6 3.Nc3 c5 4.d5 exd5 5.cxd5 d6 6.e4 g6 7.Bd3 Bg7 8.Nge2 O-O
9.O-O a6 10.a4 b6 11.Ng3 Re8 12.h3 Qc7 13.Bc4 Nbd7 14.f4 h5 15.e5 dxe5 16.f5
Qb8 17.d6 gxf5 18.Nxf5 b5 19.Nxg7 Kxg7 20.axb5 Nb6 21.Bxf7 Kxf7 22.Qxh5+ Ke6
23.Rxf6+ Kxf6 24.Ne4+ Ke6 25.Qg6+ Kd5 26.Nc3+ Kc4 27.Qe4+ {#r} 1-0

[Event "Oberliga Northwest 1993/94"]
[Site "masterchessopen.com - Germany"]
[Round "0"]
[White "Panzer Peter Dr (GER)"]
[Black "Heinemann Dieter (GER)"]
[Result "1-0"]
[WhiteElo "2420"]
[BlackElo "2291"]

1.d4 Nf6 2.c4 c5 3.d5 e6 4.Nc3 exd5 5.cxd5 d6 6.e4 g6 7.h3 Bg7 8.Nf3 O-O 9.Bd3
b5 10.Nxb5 Re8 11.O-O Nxe4 12.Re1 Nf6 13.Bf4 Rxe1+ 14.Qxe1 Ba6 15.a4 Ne8
16.Qe2 Bxb5 17.Bxb5 Nd7 18.Re1 Ndf6 19.Bc6 Rb8 20.Nd2 Nc7 21.Nc4 Ncxd5 22.Bxd6
Rb4 23.Bxd5 {#r} 1-0

[Event "It (open)"]
[Site "masterchessopen.com - Mislata (Spain)"]
[Round "3"]
[White "Coret Frasquet Jose (ESP)"]
[Black "Sebastian Knappke Daniel (ESP)"]
[Result "1-0"]
[WhiteElo "2315"]
[BlackElo "2141"]

1.d4 Nf6 2.c4 c5 3.d5 e6 4.Nc3 exd5 5.cxd5 d6 6.e4 g6 7.f3 Bg7 8.Bg5 O-O
9.Nge2 Na6 10.Ng3 Rb8 11.Be2 Nc7 12.a4 b6 13.O-O a6 14.f4 Qe8 15.e5 dxe5
16.fxe5 Qxe5 17.Bf4 Qd4+ 18.Qxd4 cxd4 19.Bxc7 Rb7 20.Be5 {#r} 1-0

[Event "Staatsliga 1994/95"]
[Site "masterchessopen.com - Austria"]
[Round "0"]
[White "Moser Guenter (AUT)"]
[Black "Peterwagner Heinz (AUT)"]
[Result "0-1"]
[WhiteElo "2320"]
[BlackElo "2130"]

1.d4 Nf6 2.c4 c5 3.d5 e6 4.Nc3 exd5 5.cxd5 d6 6.e4 Be7 7.Be2 O-O 8.g4 Na6 9.h4
Nc7 10.g5 Nd7 11.f4 b5 12.Bxb5 Nxb5 13.Nxb5 Qa5+ 14.Nc3 Re8 15.Kf2 c4 16.Be3
Rb8 17.Rb1 f5 18.Nf3 fxe4 19.Nd4 Rb7 20.Nc6 Qa6 21.Kg3 Bd8 22.f5 Ne5 23.g6
Bxf5 24.gxh7+ Bxh7 25.Nxe5 Rxe5 26.Qg4 Bf5 27.Qh5 Bh7 {#R} 0-1

[Event "Ch Poland (juniors) (under 18)"]
[Site "masterchessopen.com - Brzeg Dolny (Poland)"]
[Round "3"]
[White "Kaszowski Dariusz (POL)"]
[Black "Wlodarczyk Oskar (POL)"]
[Result "1-0"]
[WhiteElo "2250"]
[BlackElo "2274"]

1.d4 Nf6 2.c4 c5 3.d5 e6 4.Nc3 exd5 5.cxd5 d6 6.e4 g6 7.f3 Bg7 8.Bg5 O-O 9.Qd2
a6 10.a4 h6 11.Be3 Re8 12.Nge2 Kh7 13.Ng3 Nbd7 14.Be2 Ne5 15.O-O h5 16.h3 Qc7
17.Nh1 Rb8 18.Nf2 Ng8 19.f4 Nd7 20.Bd3 Qd8 21.e5 dxe5 22.f5 Ndf6 23.fxg6+ fxg6
24.Nfe4 Nxe4 25.Nxe4 Ne7 26.d6 Nf5 27.Ng5+ {#r} 1-0

[Event "Ch Asia (juniors)"]
[Site "masterchessopen.com - Isfahan (Iran)"]
[Round "7"]
[White "Ibrahim Khalil (IRQ)"]
[Black "Sadvakasov Darmen (KAZ)"]
[Result "0-1"]
[WhiteElo "2085"]
[BlackElo "2260"]

1.d4 Nf6 2.c4 c5 3.d5 e6 4.Nc3 exd5 5.cxd5 d6 6.e4 g6 7.Bd3 Bg7 8.h3 O-O 9.Nf3
b5 10.Nxb5 Re8 11.Nc3 Nxe4 12.Nxe4 f5 13.Be2 fxe4 14.Nh2 Nd7 15.O-O Ne5 16.Ng4
Qh4 17.Rb1 h5 18.Ne3 Rf8 19.Qc2 Kh7 20.g3 Qf6 21.Kg2 Nf3 22.b4 Ne1+ {#R} 0-1

[Event "It (open)"]
[Site "masterchessopen.com - Moscow (Russia)"]
[Round "6"]
[White "Lazarev Sergei G (RUS)"]
[Black "Khromov Vladimir V (RUS)"]
[Result "1-0"]
[WhiteElo "2345"]
[BlackElo "2292"]

1.d4 Nf6 2.c4 c5 3.d5 e6 4.Nc3 exd5 5.cxd5 d6 6.e4 g6 7.Bd3 Bg7 8.Nge2 O-O
9.O-O Re8 10.Ng3 a6 11.a4 Ng4 12.h3 Ne5 13.f4 Nxd3 14.Qxd3 Nd7 15.Qf3 Rb8
16.Be3 b5 17.axb5 axb5 18.e5 dxe5 19.f5 Bb7 20.Nge4 f6 {#r} 1-0

[Event "VK4 1995/96"]
[Site "masterchessopen.com - NRW (Germany)"]
[Round "0"]
[White "Ahling Michael (GER)"]
[Black "Feldmann Hans (GER)"]
[Result "1-0"]
[WhiteElo "2154"]
[BlackElo "2076"]

1.d4 Nf6 2.c4 c5 3.d5 e6 4.Nc3 exd5 5.cxd5 d6 6.e4 g6 7.Bd3 Bg7 8.Nge2 O-O
9.O-O a6 10.a4 Nbd7 11.f4 Qc7 12.h3 Rb8 13.Be3 Re8 14.Ng3 h6 15.Qf3 c4 16.Bc2
Nc5 17.e5 Nfd7 18.e6 fxe6 19.Bxg6 Rf8 20.dxe6 Ne5 21.Qh5 Nxg6 22.Nd5 Qd8
23.Qxg6 Bxe6 24.Nh5 {#r} 1-0

[Event "It (open) \"]
[Site "masterchessopen.com - Trelew (Argentina)"]
[Round "7"]
[White "Fiorito Fabian (ARG)"]
[Black "Quinteros Miguel A (ARG)"]
[Result "1-0"]
[WhiteElo "2450"]
[BlackElo "2520"]

1.d4 Nf6 2.c4 c5 3.d5 e6 4.Nc3 exd5 5.cxd5 d6 6.e4 g6 7.Bd3 Bg7 8.Nge2 O-O
9.O-O b6 10.h3 Ba6 11.Bg5 h6 12.Be3 Re8 13.Ng3 Bxd3 14.Qxd3 a6 15.a4 Nbd7
16.f4 Qc7 17.Rae1 Qb7 18.Bc1 Rab8 19.e5 dxe5 20.Nge4 exf4 21.Nd6 c4 22.Qf3
Rxe1 23.Nxb7 Ne5 24.Qxf4 Nh5 25.Rxe1 Nxf4 26.Bxf4 {#r} 1-0

[Event "It (open)"]
[Site "masterchessopen.com - Alexandria (USA)"]
[Round "10"]
[White "Shapiro Daniel E (USA)"]
[Black "Brownscombe Tom (USA)"]
[Result "1-0"]
[WhiteElo "2255"]
[BlackElo "2285"]

1.d4 Nf6 2.c4 e6 3.Nc3 c5 4.d5 exd5 5.cxd5 d6 6.e4 g6 7.h3 Bg7 8.Nf3 O-O 9.Bd3
Re8 10.O-O a6 11.a4 c4 12.Bc2 Nbd7 13.Bf4 Qc7 14.Re1 Rb8 15.Qd2 b5 16.axb5
axb5 17.Nd4 Qc5 18.Nc6 b4 19.Be3 bxc3 20.bxc3 Qb5 21.Reb1 Qxb1+ 22.Bxb1 Rb3
23.Bd4 Nxe4 24.Bxe4 Rxe4 25.Ra8 Re8 26.Rxc8 {#r} 1-0

[Event "Ch Slovenia (team)"]
[Site "masterchessopen.com - Bled (Slovenia)"]
[Round "6"]
[White "Rusjan Miran (SLO)"]
[Black "Beletic Daniel (SLO)"]
[Result "1-0"]
[WhiteElo "2192"]
[BlackElo "2219"]

1.d4 Nf6 2.c4 e6 3.Nc3 c5 4.d5 exd5 5.cxd5 d6 6.e4 g6 7.Bd3 Bg7 8.Nge2 O-O
9.O-O Re8 10.Ng3 a6 11.a4 b6 12.h3 Nfd7 13.f4 Qh4 14.Qf3 Nf6 15.e5 dxe5
16.fxe5 Rxe5 17.Bf4 Nbd7 18.Nge4 Nh5 19.Bg5 {#r} 1-0

[Event "It (open)"]
[Site "masterchessopen.com - Cseppko (Hungary)"]
[Round "3"]
[White "Szelenyi Norbert (HUN)"]
[Black "Tamas Norbert (HUN)"]
[Result "1-0"]
[WhiteElo "2340"]
[BlackElo "2223"]

1.d4 Nf6 2.c4 e6 3.Nc3 c5 4.d5 exd5 5.cxd5 d6 6.e4 g6 7.Bd3 Bg7 8.h3 O-O 9.Nf3
b5 10.Nxb5 Nxe4 11.Bxe4 Re8 12.Ng5 h6 13.Ne6 fxe6 14.O-O Bb7 15.Bxg6 Re7
16.Nc3 Kh8 17.Qh5 Qf8 18.Bg5 {#r} 1-0

[Event "Bayern Regionalliga Northeast"]
[Site "masterchessopen.com - Germany"]
[Round "5"]
[White "Stephan Eberhard (GER)"]
[Black "Welch Andreas (SUI)"]
[Result "1-0"]
[WhiteElo "2137"]
[BlackElo "1959"]

1.d4 Nf6 2.c4 e6 3.Nc3 c5 4.d5 exd5 5.cxd5 d6 6.e4 g6 7.f3 Bg7 8.Bg5 O-O 9.Qd2
a6 10.a4 Re8 11.Nge2 Nbd7 12.Ng3 Qa5 13.Be2 b5 14.O-O b4 15.Nd1 Ne5 16.f4 Ned7
17.f5 Nxe4 18.Nxe4 Rxe4 19.fxg6 fxg6 20.Nf2 Rd4 21.Qe3 Ne5 22.Ne4 Qc7 23.Nf6+
Bxf6 24.Bxf6 Bb7 25.Rac1 Bxd5 26.Qxd4 {#r} 1-0

[Event "It (open)"]
[Site "masterchessopen.com - Kobanya (Hungary)"]
[Round "6"]
[White "Janvari Andras (HUN)"]
[Black "Bernei Andras (HUN)"]
[Result "0-1"]
[WhiteElo "2026"]
[BlackElo "2280"]

1.d4 Nf6 2.c4 e6 3.Nc3 c5 4.d5 exd5 5.cxd5 d6 6.e4 g6 7.Bg5 h6 8.Bh4 Bg7 9.Bg3
O-O 10.Bd3 Nh5 11.Nge2 b6 12.O-O Ba6 13.Bxa6 Nxa6 14.Qa4 Nb8 15.Rab1 Nxg3
16.Nxg3 a6 17.Nge2 Nd7 18.b4 b5 19.Qc2 Rc8 20.a4 cxb4 21.Rxb4 Qa5 22.Rfb1 Bxc3
23.Nxc3 Rc7 24.Qb2 Rfc8 25.Rc1 Ne5 {#R} 0-1

[Event "Ch Rheinhessen (open)"]
[Site "masterchessopen.com - Mainz (Germany)"]
[Round "0"]
[White "Mueller Christian (GER)"]
[Black "Schneider Joerg (GER)"]
[Result "0-1"]
[WhiteElo "2205"]
[BlackElo "2127"]

1.d4 Nf6 2.c4 c5 3.d5 e6 4.Nc3 exd5 5.cxd5 d6 6.e4 g6 7.Bd3 Bg7 8.f3 O-O 9.Be3
Nbd7 10.Qd2 Ne5 11.Be2 a6 12.a4 Rb8 13.g4 Qa5 14.Ra3 Qb4 15.a5 b5 16.Nb1 Nc4
17.Bxc4 bxc4 18.Qxb4 Rxb4 19.Bc1 Nd7 20.Nc3 Ne5 21.Nd1 Nd3+ 22.Kd2 Bh6+ {#R}
0-1

[Event "Ch Brazil (1/2 final)"]
[Site "masterchessopen.com - Petropolis (Brazil)"]
[Round "8"]
[White "Sega Carlos Alberto (BRA)"]
[Black "Rodrigues Adriano (BRA)"]
[Result "0-1"]
[WhiteElo "2261"]
[BlackElo "2295"]

1.d4 Nf6 2.c4 c5 3.d5 e6 4.Nc3 exd5 5.cxd5 d6 6.e4 g6 7.f3 Bg7 8.Bg5 O-O 9.Qd2
Re8 10.Bd3 Nbd7 11.Nge2 Ne5 12.O-O h6 13.Be3 Nfd7 14.Nc1 g5 15.Kh1 a6 16.Rb1
b5 17.b3 Qf6 18.N1e2 b4 19.Na4 Nxd3 20.Qxd3 a5 21.Rfc1 Ne5 22.Qd2 Nxf3 {#R}
0-1

[Event "Ch Region"]
[Site "masterchessopen.com - Ruhrgebiet (Germany)"]
[Round "0"]
[White "Frohne Gerd (GER)"]
[Black "Crede Dietmar (GER)"]
[Result "0-1"]
[WhiteElo "2161"]
[BlackElo "2177"]

1.d4 Nf6 2.c4 c5 3.d5 e6 4.Nc3 exd5 5.cxd5 d6 6.e4 g6 7.Bd3 Bg7 8.Nge2 O-O
9.O-O Na6 10.h3 Nc7 11.a4 a6 12.Ng3 Rb8 13.Qe2 Re8 14.Be3 Bd7 15.Kh2 b5
16.axb5 axb5 17.f4 c4 18.Bb1 b4 19.Nd1 Ng4+ 20.hxg4 Qh4+ 21.Kg1 Qxg3 22.Nf2
Nxd5 23.exd5 Qxe3 24.Qxe3 Rxe3 25.Ra7 Bb5 26.f5 Bxb2 27.g5 Bd4 {#R} 0-1

[Event "It (open)"]
[Site "masterchessopen.com - Sarospatak (Hungary)"]
[Round "0"]
[White "Emodi Barnabas (HUN)"]
[Black "Juhasz Bela (HUN)"]
[Result "1-0"]
[WhiteElo "2315"]
[BlackElo "2124"]

1.d4 Nf6 2.c4 c5 3.d5 e6 4.Nc3 exd5 5.cxd5 d6 6.e4 g6 7.Bd3 Bg7 8.h3 O-O 9.Nf3
b5 10.Bxb5 Nxe4 11.Nxe4 Qa5+ 12.Nfd2 Qxb5 13.Nxd6 Qa5 14.O-O Ba6 15.N2c4 Qc7
16.Re1 Nd7 17.Qf3 Ne5 18.Nxe5 Qxd6 19.Bf4 Bb7 20.Rad1 Rfe8 21.Nxg6 Qf6 {#r}
1-0

[Event "It (open)"]
[Site "masterchessopen.com - Bad Zwesten (Germany)"]
[Round "2"]
[White "Escher Clemens (GER)"]
[Black "Kekelidze Mikheil (GEO)"]
[Result "0-1"]
[WhiteElo "2234"]
[BlackElo "2370"]

1.d4 Nf6 2.c4 c5 3.d5 e6 4.Nc3 d6 5.e4 exd5 6.cxd5 g6 7.h3 Bg7 8.Nf3 O-O 9.Bd3
b5 10.Nxb5 Re8 11.O-O Nxe4 12.Re1 a6 13.Nc3 Nf6 14.Rxe8+ Nxe8 15.Bg5 Qc7
16.Ne4 Bb7 17.Bc2 Nd7 18.Qd2 Nef6 19.Qf4 Bxd5 20.Nxd6 Nh5 21.Qh2 Bxf3 22.Re1
Bd5 23.Ba4 Qa5 {#R} 0-1

[Event "Ch Bayern (b)"]
[Site "masterchessopen.com - Bayern (Germany)"]
[Round "2"]
[White "Jauernig Udo (GER)"]
[Black "Prediger Rupert (GER)"]
[Result "1-0"]
[WhiteElo "2182"]
[BlackElo "2284"]

1.d4 Nf6 2.c4 c5 3.d5 e6 4.Nc3 exd5 5.cxd5 d6 6.e4 g6 7.Bd3 Bg7 8.Nge2 a6 9.a4
O-O 10.O-O Re8 11.h3 Nbd7 12.Ng3 Rb8 13.f4 Qc7 14.Be3 c4 15.Bc2 Nc5 16.Bd4 b5
17.axb5 axb5 18.f5 g5 19.Qf3 Bd7 20.Nce2 b4 21.Nh5 Nxh5 22.Qxh5 f6 23.h4 Nxe4
24.Qg4 h5 25.Qxh5 gxh4 26.Rf4 {#r} 1-0